North America Countries by Population - Statistics

General Stats
  • This quiz has been taken 46 times
  • The average score is 22 of 23
Answer Stats
Population (Millions) First Letter Country % Correct
.4 B Bahamas
100%
5 C Costa Rica
100%
11 C Cuba
100%
.07 D Dominica
100%
18 G Guatemala
100%
11 H Haiti
100%
10 H Honduras
100%
128 M Mexico
100%
7 N Nicaragua
100%
4 P Panama
100%
339 U United States of America
100%
38 C Canada
97%
11 D Dominican Republic
97%
6 E El Salvador
97%
2 J Jamaica
97%
.2 B Barbados
91%
.4 B Belize
88%
1 T Trinidad and Tobago
88%
.1 G Grenada
85%
.1 S Saint Lucia
85%
.1 S Saint Vincent and the Grenadines
85%
.09 A Antigua and Barbuda
82%
.04 S Saint Kitts and Nevis
79%
No matching quizzes found
Score Distribution
Percent of People with Each Score
Percentile by Number Answered
Your Score History
You have not taken this quiz